000 00205nam a22000857a 4500
008 170616b xxu||||| |||| 00| 0 eng d
100 _93437
_aBijlani. R
245 _aOur Body
260 _aNew Delhi
_bN. B. T
_c2009
999 _c6812
_d6812